| 000 | 00528nam a2200181Ia 4500 | ||
|---|---|---|---|
| 008 | 240925s9999 xx 000 0 und d | ||
| 020 | _a131209655 | ||
| 082 | _a005.133 HEN | ||
| 100 | _aHenricson, Mats , | ||
| 245 | 0 | _aIndustrial Strength C++: rules and recommendations | |
| 250 | _aNA | ||
| 260 |
_aNew Jersey: _bPrintice- Hall Int. _c,1997. |
||
| 300 |
_avii,389p. _bNA _fOriginal |
||
| 500 | _aIncludes Index | ||
| 600 | _aEngineering Technology | ||
| 650 | _aComputer science, information & general works | ||
| 942 | _cBK | ||
| 999 |
_c5159 _d5159 |
||